Southville International School and Colleges
Your cart is empty.
  • Cart
  • Lists
    Public lists Eva Luna New books Lux_list list_1
    Your lists Log in to create your own lists
  • Log in to your account
  • Your cookies
  • Search history
Southville International School and Colleges
  • Advanced search
  • Recent comments
  • Most popular
  • Libraries

Log in to your account

Log in with GOOGLE


If you do not have an external account, but do have a local account, you can still log in:

  1. Home
  2. MARC view: Health & wellness /
Normal view MARC view ISBD view

Health & wellness / (Record no. 20002)

[ view plain ]
MARC details
000 -LEADER
fixed length control field 00520nam a2200193 a 4500
005 - DATE AND TIME OF LATEST TRANSACTION
control field 20140310183206.0
008 - FIXED-LENGTH DATA ELEMENTS--GENERAL INFORMATION
fixed length control field 030122s19uu xx 00 eng d
050 ## - LIBRARY OF CONGRESS CALL NUMBER
Classification number RA 776
Item number .Ed24 2002
100 ## - MAIN ENTRY--PERSONAL NAME
Personal name Edlin, Gordon
245 ## - TITLE STATEMENT
Title Health & wellness /
Statement of responsibility, etc Gordon Edlin.
250 ## - EDITION STATEMENT
Edition statement 7th
260 ## - PUBLICATION, DISTRIBUTION, ETC. (IMPRINT)
Place of publication, distribution, etc Sudbury, Massachusetts :
Name of publisher, distributor, etc Jones & Bartlett Pub,
Date of publication, distribution, etc 2002.
300 ## - PHYSICAL DESCRIPTION
Extent 609 p. :
Other physical details col. , ill. ;
Dimensions 28 cm.
521 ## - TARGET AUDIENCE NOTE
Target audience note
650 ## - SUBJECT ADDED ENTRY--TOPICAL TERM
Topical term or geographic name as entry element Health
650 ## - SUBJECT ADDED ENTRY--TOPICAL TERM
Topical term or geographic name as entry element Holistic medicine
942 ## - ADDED ENTRY ELEMENTS (KOHA)
Koha item type Books
Source of classification or shelving scheme Library of Congress Classification
Call number prefix Foreign
Holdings
Withdrawn status Lost status Source of classification or shelving scheme Damaged status Home library Current library Shelving location Date acquired Total Checkouts Full call number Barcode Date last seen Copy number Price effective from Koha item type
    Library of Congress Classification   College Library College Library General Circulation Section 01/22/2003   RA 776 .Ed24 2002 C1859 05/15/2018 1 03/10/2014 Books

Health & wellness /

APA

Edlin G., . (2002). Health & wellness. Sudbury, Massachusetts: Jones & Bartlett Pub.

Chicago

Edlin Gordon, . 2002. Health & wellness. Sudbury, Massachusetts: Jones & Bartlett Pub.

Harvard

Edlin G., . (2002). Health & wellness. Sudbury, Massachusetts: Jones & Bartlett Pub.

MLA

Edlin Gordon, . Health & wellness. Sudbury, Massachusetts: Jones & Bartlett Pub. 2002.

  • Place hold
  • Print
  • Cite
  • Add to your cart (remove)
  • Save record
    BIBTEX Dublin Core MARCXML MARC (non-Unicode/MARC-8) MARC (Unicode/UTF-8) MARC (Unicode/UTF-8, Standard) MODS (XML) RIS
  • More searches
    Search for this title in:
    Other Libraries (WorldCat) Other Databases (Google Scholar) Online Stores (Bookfinder.com) Open Library (openlibrary.org)

Exporting to Dublin Core...

SOUTHVILLE LIBRARY

Southville International School and Colleges Library

1281 Tropical Ave. Cor. Luxembourg St., BF Homes International, Las Pinas City

Tel. No. 8256374 / 252358 Loc. 117/146

Powered by Koha